• 首页
  • 本馆介绍
  • 公告通知
  • 最新文献
  • 馆藏检索
  • 电子资源
  • 读者导购
  • 参考咨询
  • 我的图书馆
  • 登录
  • 详细信息显示
  • 放入我的书架
  • 预约/预借图书
  • 作者相关作品
  • 分类相关作品
  • 丛书相关作品
  • 出版社相关作品

书目信息

  • 表格格式
  • 工作单格式
  • 卡片格式
题名:
宇宙、地球和大气
    
 
作者: 阿西摩夫 著 ;王涛 译
分册:  
出版信息: 北京   科学出版社  1976
页数: 249页
开本: 19cm
丛书名: 自然科学基础知识
单 册:
中图分类: N34
科图分类:
主题词: 自然科学--科学研究 , 自然科学--分析 , 天文学--普及读物 , 自然科学--鉴定
电子资源:
ISBN:
000 00917nam2 2200313 45
001 0176001891
005 20060814154614.51
010    @dCNY0.65
091    @a13031.534
100    @a19951013d1976 em y0chiy0121 ea
101 1  @achi@ceng
102    @aCN@b110000
105    @ay z 000yy
200 10 @a宇宙、地球和大气@Ayu zhou 、 di qiu he da qi@f(美)L.阿西摩夫著@F(mei)L.a xi mo fu zhu@g王涛等译
210    @a北京@c科学出版社@d1976
215    @a249页@d19cm
225 2  @a自然科学基础知识@h第一分册
410  0 @120010@a自然科学基础知识
517 1  @a宇宙地球和大气@Ayu zhou di qiu he da qi
606 0  @a自然科学@x科学研究
606 0  @a自然科学@x分析
606    @a天文学@x普及读物
606 0  @a自然科学@x鉴定
690    @aN34@v4
701  0 @a阿西摩夫@Aa xi mo fu@4著
702  0 @a王涛@Awang tao@4译
801  0 @aCN@b广东省中山图书馆@c20060814
801  2 @aCN@bNLC@c20060810
905    @dN34@e5:1
    
    宇宙、地球和大气/(美)L.阿西摩夫著/王涛等译.-北京:科学出版社,1976
    249页;19cm.-(自然科学基础知识.第一分册)
    
    
    ISBN :CNY0.65
    
●
相关链接 在E读中查询图书 在五车中查询图书 在当当中查询图书 在豆瓣中查询图书


正题名:宇宙、地球和大气     索取号:N34/5:1         预约/预借

序号 登录号 条形码 馆藏地/架位号 状态 备注
1 0025549   202234518   密集书库/ [索取号:N34/5:1] 在馆    
2 0025550   000566275   第二样本阅览室/ [索取号:N34/5:1] 在馆    
3 0025551   202237837   密集书库/ [索取号:N34/5:1] 在馆    
4 0025552   001472089   第三借阅区/ [索取号:N34/5:1] 在馆    
5 0025553   000566284   第三借阅区/ [索取号:N34/5:1] 在馆    
6 0025554   202237828   密集书库/ [索取号:N34/5:1] 在馆    
7 0439475   204394752   密集书库/ [索取号:N34/5:1] 在馆    
8 0452038   204520385   密集书库/ [索取号:N34/5:1] 在馆    
9 0458247   204582479   密集书库/ [索取号:N34/5:1] 在馆    
10 0458248   204582488   密集书库/ [索取号:N34/5:1] 在馆    
11 0458249   204582497   密集书库/ [索取号:N34/5:1] 在馆    
12 0458250   204582503   密集书库/ [索取号:N34/5:1] 在馆    
13 0458251   204582512   密集书库/ [索取号:N34/5:1] 在馆    
唐山师范学院图书馆 欢迎您!
大连网信软件有限公司© 版权所有